In & Out Labyrinth Quiz Stats

 Plays Quiz Updated Jan 8, 2018

Score 0/192 Timer 07:00
3 Plays Today
% Correct
12 inches
98.9%
FINISH
98.8%
FOOT
98%
quick (f__t)
98%
level; smooth (f__t)
98%
0~O~0~O~0~O~0
95.7%
0~O~0~O~0~O~0
95.7%
FAST
94.6%
face covering (_as_)
94.6%
FLAT
92.9%
animal nail (_la_)
92.9%
0~O~0~O~0~O~0
92.7%
0~O~0~O~0~O~0
92.7%
0~O~0~O~0~O~0
92.6%
0~O~0~O~0~O~0
92.6%
0~O~0~O~0~O~0
91.7%
0~O~0~O~0~O~0
91.7%
MASK
91.3%
cow product (m__k)
91.3%
monastery man (m__k)
91.3%
MILK
91%
MONK
89.5%
CLAW
87.2%
gnaw (c__w)
87.2%
ebony bird (c__w)
87.2%
0~O~0~O~0~O~0
86.9%
0~O~0~O~0~O~0
86.9%
CROW
85.8%
toad cousin (_ro_)
85.8%
0~O~0~O~0~O~0
85.7%
0~O~0~O~0~O~0
85.7%
FROG
85.5%
vampire feature (f__g)
85.5%
pole topper (f__g)
85.5%
FANG
85%
earth; ground (_an_)
85%
0~O~0~O~0~O~0
83.6%
0~O~0~O~0~O~0
83.6%
an element (l__d)
83.4%
LAND
83.4%
master (l__d)
83.4%
0~O~0~O~0~O~0
82.1%
0~O~0~O~0~O~0
82.1%
0~O~0~O~0~O~0
81.9%
0~O~0~O~0~O~0
81.9%
0~O~0~O~0~O~0
81.6%
0~O~0~O~0~O~0
81.6%
CHEW
81%
FLAG
80.7%
0~O~0~O~0~O~0
80.5%
0~O~0~O~0~O~0
80.5%
0~O~0~O~0~O~0
80.1%
0~O~0~O~0~O~0
80.1%
HELP
80%
camel feature (h__p)
80%
LEAD
79.7%
nasty; hostile (_ea_)
79.7%
0~O~0~O~0~O~0
79%
0~O~0~O~0~O~0
79%
unintelligent (_um_)
78.7%
HUMP
78.7%
wildcat (_um_)
78.7%
LORD
78.7%
hog flesh (_or_)
78.7%
% Correct
MOON
77.5%
chess piece (_oo_)
77.5%
planet orbiter (m__n)
77.4%
MEAN
77.4%
standing; level (r__k)
76.6%
ROOK
76.6%
gamble (r__k)
76.6%
PORK
75.8%
red and white (p__k)
75.8%
0~O~0~O~0~O~0
75.1%
0~O~0~O~0~O~0
75.1%
breeze (_in_)
74.4%
PINK
74.4%
three squared (_in_)
74.4%
WIND
73.5%
RISK
73.3%
fog; haze (_is_)
73.3%
clever; learned (_is_)
73.3%
0~O~0~O~0~O~0
72.1%
0~O~0~O~0~O~0
72.1%
has to (m__t)
71.7%
MIST
71.7%
liquify (m__t)
71.7%
PUMA
70.9%
pocket bread (p__a)
70.9%
0~O~0~O~0~O~0
70.4%
0~O~0~O~0~O~0
70.4%
MELT
70.2%
tumbled (_el_)
70.2%
assist (_el_)
70.2%
NINE
70%
join, as metal (_us_)
69.6%
MUST
69.6%
PITA
68.2%
urban region (_it_)
68.2%
impure; fetid (f__l)
67.2%
FELL
67.2%
0~O~0~O~0~O~0
66.7%
0~O~0~O~0~O~0
66.7%
pottery need (c__y)
66.1%
CITY
66.1%
solid chunk (_la_)
66%
CLAY
66%
imperfection (_la_)
66%
0~O~0~O~0~O~0
63.5%
0~O~0~O~0~O~0
63.5%
0~O~0~O~0~O~0
62.6%
0~O~0~O~0~O~0
62.6%
0~O~0~O~0~O~0
61.6%
0~O~0~O~0~O~0
61.6%
FLAW
61.5%
move, as water (f__w)
61.5%
0~O~0~O~0~O~0
61.5%
0~O~0~O~0~O~0
61.5%
storyline (_lo_)
61.3%
FLOW
61.3%
burn treatment (_lo_)
61.3%
DUMB
59.8%
counterfeit (f__e)
59.7%
FUSE
59.7%
rasp (f__e)
59.7%
FOUL
59.3%
borscht, eg (_ou_)
59.3%
sulk (p__t)
59%
% Correct
PLOT
59%
nuisance (p__t)
59%
0~O~0~O~0~O~0
58.9%
0~O~0~O~0~O~0
58.9%
0~O~0~O~0~O~0
58.2%
0~O~0~O~0~O~0
58.2%
0~O~0~O~0~O~0
58.1%
0~O~0~O~0~O~0
58.1%
FAKE
57.9%
RANK
57.7%
WISE
57.6%
part of speech (_ou_)
57.1%
spirit (_ou_)
57.1%
POUT
57.1%
0~O~0~O~0~O~0
55.3%
0~O~0~O~0~O~0
55.3%
0~O~0~O~0~O~0
55.2%
0~O~0~O~0~O~0
55.2%
an element (n__n)
55%
NOUN
55%
midday (n__n)
55%
NOON
54.7%
spiral; hoop (_oo_)
54.7%
0~O~0~O~0~O~0
54.6%
0~O~0~O~0~O~0
54.6%
PEST
53.3%
ALOE
52.9%
43560 sq. feet (a__e)
52.9%
supple; flaccid (l__p)
52.6%
LOOP
52.6%
light source (l__p)
52.6%
0~O~0~O~0~O~0
52.1%
0~O~0~O~0~O~0
52.1%
trade (s__p)
52%
SOUP
52%
LAMP
51.9%
ACRE
51.9%
MAZE
51.6%
sedentary (_az_)
51.6%
NEON
51.4%
LIMP
50.5%
silent performer (_im_)
50.5%
MIME
50.2%
labyrinth (m__e)
50.2%
LAZY
50.1%
a certain flower (l__y)
50.1%
LILY
49.6%
savage (_il_)
49.6%
SWAP
49.5%
SOUL
48.2%
SLAB
46.6%
FILE
45.7%
0~O~0~O~0~O~0
44.5%
0~O~0~O~0~O~0
44.5%
unwanted plant (w__d)
44.1%
WILD
44.1%
WEED
43.9%
ale (_ee_)
43.9%
0~O~0~O~0~O~0
43.8%
0~O~0~O~0~O~0
43.8%
BEER
43.6%
smear (b__r)
43.6%
YOU DID IT !
35.3%
BLUR
35.2%

You're not logged in!

Compare scores with friends on all Sporcle quizzes.
OR
Log In

Show Comments

Extras

Top Quizzes Today


Score Distribution

Your Account Isn't Verified!

In order to create a playlist on Sporcle, you need to verify the email address you used during registration. Go to your Sporcle Settings to finish the process.

Report this User

Report this user for behavior that violates our Community Guidelines.

Details: